Drinking water microbiology : (Record no. 332078)

000 -LEADER
fixed length control field 01163cam a2200289 a 4500
001 - CONTROL NUMBER
control field 2453137
003 - CONTROL NUMBER IDENTIFIER
control field NUST
005 - DATE AND TIME OF LATEST TRANSACTION
control field 20171109101014.0
008 - FIXED-LENGTH DATA ELEMENTS--GENERAL INFORMATION
fixed length control field 891020s1990 nyua b 000 0 eng
010 ## - LIBRARY OF CONGRESS CONTROL NUMBER
LC control number 89022041
020 ## - INTERNATIONAL STANDARD BOOK NUMBER
International Standard Book Number 0387971629 (alk. paper)
040 ## - CATALOGING SOURCE
Original cataloging agency DLC
Transcribing agency DLC
Modifying agency DLC
050 00 - LIBRARY OF CONGRESS CALL NUMBER
Classification number TD384
Item number .D75 1990
082 00 - DEWEY DECIMAL CLASSIFICATION NUMBER
Classification number 628.16 MCF
Edition number 20
245 00 - TITLE STATEMENT
Title Drinking water microbiology :
Remainder of title progress and recent developments /
Statement of responsibility, etc. Gordon A. McFeters, Editors.
260 ## - PUBLICATION, DISTRIBUTION, ETC.
Place of publication, distribution, etc. New York :
Name of publisher, distributor, etc. Springer-Verlag,
Date of publication, distribution, etc. c1990.
300 ## - PHYSICAL DESCRIPTION
Extent xiv, 502 p. :
Other physical details ill. ;
Dimensions 23 cm.
440 #0 - SERIES STATEMENT/ADDED ENTRY--TITLE
Title Brock/Springer series in contemporary bioscience
9 (RLIN) 6240
500 ## - GENERAL NOTE
General note H.B
504 ## - BIBLIOGRAPHY, ETC. NOTE
Bibliography, etc. note Includes bibliographical references.
650 #0 - SUBJECT ADDED ENTRY--TOPICAL TERM
Topical term or geographic name entry element Drinking water
General subdivision Microbiology.
9 (RLIN) 6241
650 #0 - SUBJECT ADDED ENTRY--TOPICAL TERM
Topical term or geographic name entry element Drinking water
General subdivision Analysis.
9 (RLIN) 6242
700 1# - ADDED ENTRY--PERSONAL NAME
Personal name McFeters, Gordon A.
9 (RLIN) 6243
856 42 - ELECTRONIC LOCATION AND ACCESS
Materials specified Publisher description
Uniform Resource Identifier <a href="http://www.loc.gov/catdir/enhancements/fy0815/89022041-d.html">http://www.loc.gov/catdir/enhancements/fy0815/89022041-d.html</a>
856 41 - ELECTRONIC LOCATION AND ACCESS
Materials specified Table of contents only
Uniform Resource Identifier <a href="http://www.loc.gov/catdir/enhancements/fy0815/89022041-t.html">http://www.loc.gov/catdir/enhancements/fy0815/89022041-t.html</a>
906 ## - LOCAL DATA ELEMENT F, LDF (RLIN)
a 7
b cbc
c orignew
d 1
e ocip
f 19
g y-gencatlg
942 ## - ADDED ENTRY ELEMENTS (KOHA)
Source of classification or shelving scheme
Koha item type Book
Call number prefix IESE
Holdings
Withdrawn status Lost status Source of classification or shelving scheme Damaged status Not for loan Collection code Permanent Location Current Location Shelving location Date acquired Total Checkouts Full call number Barcode Date last seen Price effective from Koha item type
            Institute of Environmental Science and Engineering (IESE) Institute of Environmental Science and Engineering (IESE) General Stacks 11/09/2017   628.16 MCF IESE-1038 11/09/2017 11/09/2017 Book
© 2023 Central Library, National University of Sciences and Technology. All Rights Reserved.